000 01237nam a2200217Ia 4500
003 Ost
005 20260507075051.0
008 260507s9999||||xx |||||||||||||| ||und||
020 _a9957400916
040 _cfsecg
041 _aara
100 _aالحيالي، وليد ناجي
_eمؤلف
245 0 _aالمحاسبة المالية في القياس والإنحراف والإفصاح المحاسبي /
_c وليد ناجي الحيالي
260 _aعمان:
_bمؤسسة الوراق للنشر,
_c2002
300 _a341 صفحة؛
_bإيضاحات ؛
_c24 سم
520 _aالمقدمات النظرية والعملية لمتطلبات الجرد والتسويات الجردية-التسويات الجردية للمصروفات والايرادات-التسويات الجردية للإندثار-النقدية-الاستثمارات قصيرة الأجل للأوراق المالية-الذمم المدنية-المخزون السلعي-الأخطاء المحاسبية وتصحيحها-الطرق المحاسبية
653 _aالمالية العامة- محاسبة
653 _aالمحاسبة التحليلية
700 _aعلوان، بدر
_eمؤلف ثانوي
942 _cكتاب
999 _c42644
_d42644